Szczegóły MARC21

Erläuterungen zu Johann Wolfgang Goethes Wilhelm Meisters Lehrjahre und Wilhelm Meisters Wanderjahre /

003 -Nazwa inst., której nr kontr. jest w polu 001 [,]
    • @
    • Nazwa instytucji, której n kontrolny jest w polu 001
    • NUKAT
005 -DATA I CZAS OSTATNIEJ MODYFIKACJI [,]
    • @
    • pole kontrolne
    • 20241231100138.0
020 -Międzynarod. znormalizowany nr książki - ISBN [ , ]
    • a
    • Numer ISBN
    • 3804402186 Find
040 -Instytucja sporządzająca opis [ , ]
    • a
    • Instytucja, która sporządziła opis (NP)
    • SZCZ U/AB
    • b
    • Język katalogowania
    • pol
    • e
    • Zasady katalogowania
    • rda
    • c
    • Instytucja, która sporządziła rekord (NP)
    • SZCZ U/ABs
942 -Rodzaj dokumentu [ , ]
    • c
    • Rodzaj dokumentu
    • Książka
100 -Hasło główne - nazwa osobowa [1, ]
    • a
    • Nazwa osobowa (NP)
    • Brinkmann, Karl
    • d
    • Daty biograficzne (NP)
    • (1918- ).
    • e
    • Rodzaj współpracy
    • Autor
    • 9
    • KHW
    • 638354
245 -Strefa tytułu i oznaczenia odpowiedzialności [1,0]
    • a
    • Tytuł
    • Erläuterungen zu Johann Wolfgang Goethes Wilhelm Meisters Lehrjahre und Wilhelm Meisters Wanderjahre / Find
    • c
    • Pozostałe elementy strefy tytułu i oznaczenia odpowiedzialności (NP)
    • von Karl Brinkmann.
250 -Strefa wydania [ , ]
    • a
    • Oznaczenie wydania (NP)
    • 5. bearbeitete Auflage von Gerd Eversberg.
260 -Strefa adresu wydawniczego [ , ]
    • a
    • Miejsce wydania (P)
    • Hollfeld :
    • b
    • Nazwa wydawcy (P)
    • C. Bange Verlag,
    • c
    • Data wydania (P)
    • © 1979.
300 -Strefa opisu fizycznego [ , ]
    • a
    • Określenie formy książki i/lub objętość (NP)
    • 128 stron ;
    • c
    • Format (NP)
    • 16 cm.
336 -Typ zawartości [ , ]
    • a
    • Termin opisujący typ zawartości
    • Tekst
    • b
    • Kod określający zawartość
    • txt
    • 2
    • Źródło (terminu i kodu)
    • rdacontent
337 -Typ mediów [ , ]
    • a
    • Tryb odtwarzania
    • Bez urządzenia pośredniczącego
    • b
    • Kod typu mediów
    • n
    • 2
    • Źródło (terminu i kodu)
    • rdamedia
338 -Typ/rodzaj nośnika [ , ]
    • a
    • Hasło opisujące typ nośnika
    • Wolumin
    • b
    • Kod typu nośnika
    • nc
    • 2
    • Źródło (terminu i kodu)
    • rdacarrier
490 -Strefa serii i książki wielotomowej - forma nie do wyszukiwania [1, ]
    • a
    • Tytuł (P)
    • Königs Erläuterungen und Materialien ; Find
    • v
    • Numeracja (P)
    • Bd. 226/227
830 -Hasło dodatkowe serii i opisu książki wielotomowej - tytuł ujednolicony/tytuł [ ,0]
    • a
    • Tytuł ujednolicony/tytuł (NP)
    • Königs Erläuterungen und Materialien
    • v
    • Oznaczenie tomu (NP)
    • Bd. 226/227
    • 9
    • KHW
    • 95449
504 -Uwaga dot. bibliogr. załącznikowej [ , ]
    • a
    • Uwaga dot. bibliografii załącznikowej
    • Bibliografia na stronie 128.
080 -Uniwersalna Klasyfikacja Dziesiętna [ , ]
    • a
    • Symbol klasyfikacji
    • 830(091)"178/183"Goethe W.J.=30
600 -Hasło przedmiotowe w formie nazwy osobowej [1,7]
    • a
    • Nazwa osobowa
    • Goethe, Johann Wolfgang von
    • d
    • Daty związane z nazwą
    • (1749-1832).
    • t
    • Tytuł
    • Wilhelm Meisters Lehrjahre
    • 2
    • Źródło terminu
    • kaba
    • 9
    • KHW
    • 326231
600 -Hasło przedmiotowe w formie nazwy osobowej [1,7]
    • a
    • Nazwa osobowa
    • Goethe, Johann Wolfgang von
    • d
    • Daty związane z nazwą
    • (1749-1832).
    • t
    • Tytuł
    • Wilhelm Meisters Wanderjahre
    • 2
    • Źródło terminu
    • kaba
    • 9
    • KHW
    • 326359
600 -Hasło przedmiotowe w formie nazwy osobowej [1,7]
    • a
    • Nazwa osobowa
    • Goethe, Johann Wolfgang von
    • d
    • Daty związane z nazwą
    • (1749-1832)
    • x
    • Określnik rzeczowy
    • krytyka i interpretacja.
    • 2
    • Źródło terminu
    • kaba
    • 9
    • KHW
    • 370231
980 -Symbol UKD [ , ]
    • a
    • UKD
    • 830(091)"178/183"Goethe W.J.=30
700 -Hasło dodatkowe - nazwa osobowa [1, ]
    • a
    • Nazwa osobowa (NP)
    • Eversberg, Gerd. Find
    • e
    • Określenie rodzaju współpracy
    • Redakcja
    • 9
    • KHW
    • 520642
710 -Hasło dodatkowe - nazwa ciała zbiorowego [2, ]
    • a
    • Nazwa ciała zbiorowego lub nazwa geograficzna jako pierwszy element (NP)
    • C. Bange Verlag (Hollfeld).
    • e
    • Rodzaj współpracy
    • Wydawca
    • 4
    • Kod relacji
    • pbl
    • 9
    • KHW
    • 95800
920 -ISBN [ , ]
    • a
    • ISBN
    • 3-8044-0218-6 Find
Sygnatura Numer inwentarzowy Status udost. Lokalizacja Data inwentaryzacji
Germ. Literaturozn. – Goethe 02G.1031-3BM2000-02-10
Germ. Literaturozn. – Goethe 03G.1032-3BM2000-02-10
Germ. Literaturozn. – Goethe 04G.1033-3BM2000-02-10
Germ. Literaturozn. – Goethe 05G.1034-3BM2000-02-10
Germ. Literaturozn. – Goethe 06G.1035-3BM2000-02-10